Computer Science: an instructional manual (Record no. 79680)
[ view plain ]
| 000 -LEADER | |
|---|---|
| fixed length control field | 00632nam a2200145 a 4500 |
| 008 - FIXED-LENGTH DATA ELEMENTS--GENERAL INFORMATION | |
| fixed length control field | 080109s1980 ||||||||||||||||| || u |
| 050 ## - LIBRARY OF CONGRESS CALL NUMBER | |
| Classification number | QA 76 Fre |
| 100 ## - MAIN ENTRY--PERSONAL NAME | |
| Personal name | French, Carl S |
| 245 10 - TITLE STATEMENT | |
| Title | Computer Science: an instructional manual |
| 260 ## - PUBLICATION, DISTRIBUTION, ETC. | |
| Place of publication, distribution, etc. | Winchester |
| Name of publisher, distributor, etc. | D.P. Publications |
| Date of publication, distribution, etc. | 1980 |
| 300 ## - PHYSICAL DESCRIPTION | |
| Extent | vii, 436p. : ill. |
| 350 ## - | |
| -- | 0.00 |
| 995 ## - | |
| -- | BINDERY (DAMAGED) |
| -- | 0.00 |
| -- | 705338 |
| -- | CBU-MAIN LIBRARY (Kitwe) |
| -- | 2 |
| -- | 0.00 |
| -- | QA 76 Fre |
| -- | 2 |
| -- | DAMAGED |
| -- | 705338 |
| -- | Main Library Open Access Collection |
| 995 ## - | |
| -- | BINDERY (DAMAGED) |
| -- | 0.00 |
| -- | 712778 |
| -- | CBU-MAIN LIBRARY (Kitwe) |
| -- | 1 |
| -- | 0.00 |
| -- | QA 76 Fre |
| -- | 1 |
| -- | DAMAGED |
| -- | 712778 |
| -- | Main Library Open Access Collection |
| 999 ## - | |
| -- | 79680 |
| -- | 79680 |
| Withdrawn status | Lost status | Source of classification or shelving scheme | Damaged status | Not for loan | Permanent Location | Current Location | Shelving location | Date acquired | Total Checkouts | Full call number | Barcode | Date last seen | Copy number | Price effective from | Koha item type |
|---|---|---|---|---|---|---|---|---|---|---|---|---|---|---|---|
| CBU-MAIN LIBRARY, KITWE. | CBU-MAIN LIBRARY, KITWE. | 06/29/2023 | QA 76 Fre | 705338 | 06/29/2023 | 1 | 06/29/2023 | MONOGRAPH | |||||||
| CBU-MAIN LIBRARY, KITWE. | CBU-MAIN LIBRARY, KITWE. | 06/29/2023 | QA 76 Fre | 712778 | 06/29/2023 | 2 | 06/29/2023 | MONOGRAPH |